|
|
|
|
| LEADER |
00694nam a22002057a 4500 |
| 001 |
AAL7632 |
| 003 |
BD-DhAAL |
| 005 |
20161025182450.0 |
| 008 |
161025s 1997xxu||||| |||| 00| 0 eng d |
| 040 |
|
|
|a BD-DhAAL
|c BD-DhAAL
|
| 082 |
|
|
|a 171/.5
|
| 100 |
|
|
|a Crisp, Roger
|9 20675
|
| 245 |
|
|
|a Routledge philosophy guidebook to Mill on utilitarianism /
|c Roger Crisp
|
| 300 |
|
|
|a 232 p. :
|c 22 cm
|
| 541 |
|
|
|e 7632
|
| 650 |
|
|
|a Utilitarianism
|9 20676
|
| 852 |
|
|
|a Savar Campus Library
|c General Stacks
|
| 942 |
|
|
|2 ddc
|c BK
|
| 999 |
|
|
|c 37882
|d 37882
|
| 952 |
|
|
|0 0
|1 0
|2 ddc
|4 0
|6 171_000000000000000__5_CRI
|7 0
|9 59755
|a SCL
|b SCL
|c GEN
|d 2015-10-25
|g 2000.00
|l 0
|o 171.5 CRI
|p 3020007632
|r 2016-10-25
|t 1
|w 2016-10-25
|y BK
|